Identifikácia a spôsoby odstraňovania nebezpečných látok z výroby farieb : Bakalárska práca

Guardado en:
Detalles Bibliográficos
Autor principal: Szabóová, Dominika (Autor)
Otros Autores: Tureková, Ivana, 1960- (xxx)
Formato: Manuscrito Libro
Lenguaje:eslovaco
Publicado: Trnava : STU v Bratislave MtF KEBI, 2004
Materias:
Etiquetas: Agregar Etiqueta
Sin Etiquetas, Sea el primero en etiquetar este registro!

MARC

LEADER 00000ntm a22000003a 4500
001 stu90705
005 20160719154614.5
008 041006s2004----xo------------------slo-d
040 |a STU  |b slo 
041 0 |a slo 
044 |a xo 
100 1 |a Szabóová, Dominika  |4 aut 
245 1 |a Identifikácia a spôsoby odstraňovania nebezpečných látok z výroby farieb :  |b Bakalárska práca 
260 |a Trnava :  |b STU v Bratislave MtF KEBI,  |c 2004 
300 |a 51 s  |c príl (1 CD) 
650 7 |a inžinierstvo životného prostredia  |2 stusub 
650 7 |a nebezpečné látky  |2 stusub 
700 1 |a Tureková, Ivana,  |d 1960-  |4 xxx  |u M5000  |U MTF Materiálovotechnologická fakulta  |T MTF Ústav bezpečnosti, environmentu a kvality  |X 207  |U M5000  |Y 85  |7 A000000207 
996 |b 284M060518  |c M*BP-762  |l MMSKP  |s P  |a 0  |w stu90705_0001